|
|
|
|
| LEADER |
01113cam a2200361 i 4500 |
| 001 |
000045135 |
| 003 |
4262 |
| 005 |
20030225160523.0 |
| 008 |
010220|2000 vm 000 eng |
| 020 |
|
|
|a 0750644176 (pbk.)
|
| 040 |
|
|
|a IRC
|c IRC
|d IRC
|
| 041 |
0 |
|
|a eng
|
| 082 |
1 |
4 |
|a 331.1330941
|b KI-G
|
| 100 |
1 |
|
|a Kirton, Gill.
|
| 245 |
0 |
4 |
|a The dynamics of managing diversity :
|b a critical approach /
|c Gill Kirton.
|
| 260 |
|
|
|a Oxford :
|b Butterworth-Heinemann,
|c 2000.
|
| 300 |
|
|
|a 256p. :
|b ill.
|
| 630 |
0 |
4 |
|a Economics.
|
| 650 |
0 |
4 |
|a Diversity in the workplace
|z Great Britain.
|
| 650 |
0 |
4 |
|a Diversity in the workplace
|z Great Britain
|x Statics.
|
| 650 |
0 |
4 |
|a Diversity in the workplace
|x Government policy
|z Great Britain.
|
| 650 |
0 |
4 |
|a Discrimination in employment
|z Great Britain.
|
| 650 |
0 |
4 |
|a Discrimination in employment
|x Law and legislation
|z Great Britain.
|
| OWN |
|
|
|a DUT
|
| 999 |
|
|
|a From the UDN01
|
| TYP |
|
|
|a Monograph
|
| TYP |
|
|
|a Printed language
|
| 980 |
|
|
|a Mạng thư viện Đại học Đà Nẵng
|